000
00284nam a22001337a 4500
020
_a
1-8464-6319-X
082
_a
823
_b
ROS/B
100
_a
ROSS, MANDY
245
_a
BABOON ON THE MOON
260
_a
ITALY
_b
LADY BIRD
300
_a
35
650
_a
ENGLISH SHORT STORY
_z
UK
942
_c
BK
999
_c
2483
_d
2483